000 00430nam a2200169Ia 4500
003 IN-BaIIA
008 211028s9999 xx 000 0 eng d
040 _cIIA Library
080 _a530.1
_bCHA-3
100 _aChampion, F. C
_93627
245 0 _aUniversity physics
_bpt. 3, light
_cF. C. Champion
260 _aLondon
_bBlackie
_c1941
300 _a172p.
650 _a Physics
_97977
650 _aNASA Thesaurus 
942 _cBK
999 _c4635
_d4635